000 00404nam a22001697a 4500
008 180928b xxu||||| |||| 00| | tur d
020 _a9752201709
041 _atur
050 _aPL248.D647
100 _91327
_aZafer Doruk
245 _a Soyka
250 _a1.Basım
260 _aAnkara
_bBilgi Yayınevi
_cHaziran 2006
300 _a133 Sayfa
650 0 _9145
_aTürk Edebiyatı
942 _2lcc
_cBK
999 _c2572
_d2529